| 000 | 00834nmc a2200313 a 4500 | ||
|---|---|---|---|
| 003 | AR-BaBNM | ||
| 005 | 20251128203205.0 | ||
| 008 | 027019s1972 ||||||||||||||000 | spa|| | ||
| 040 | _cAR-BaBNM | ||
| 100 | 1 | _aCasademont Pou, F. | |
| 245 | 1 | 0 |
_aColibrí _blibro de trabajo : curso 6 |
| 260 |
_aMadrid _bMagisterio Español _c1972 |
||
| 300 | 0 |
_a142 p. _bil., diagr. |
|
| 490 | 0 | _aDya básica | |
| 650 | 4 | _aEDUCACION ARTISTICA | |
| 650 | 4 | _aDIBUJO | |
| 650 | 4 | _aPINTURA | |
| 650 | 4 | _aCOLOR | |
| 650 | 4 | _aCRITICA DE ARTE | |
| 650 | 4 | _aTECNICAS DE ENSENANZA | |
| 653 | 0 | _aEDUCACION PRIMARIA | |
| 653 | 0 | _aEDUCACION SECUNDARIA | |
| 700 | 1 | _aFigueras Nogués, F.X. | |
| 700 | 1 |
_aSansó, G. _ecolaborador |
|
| 700 | 1 |
_aCabanach, X. _ecolaborador |
|
| 700 | 1 |
_aTerrades, E. _ecolaborador |
|
| 942 | _cBK | ||
| 998 | _cSILVI | ||
| 999 |
_c2310 _d2310 |
||